000 00466nam a2200169Ia 4500
008 241115s9999 xx 000 0 und d
020 _a978-0-495-10836-8
082 _a515.35 ZIL
100 _aZill, Dennis G.
245 0 _aDifferential Equations: With Boundary-value Problems
250 _a7th ed.
260 _aAustralia:
_bCengage Learning
_c,2009.
300 _axv, 526p.
600 _aHumanities & Natural Science
650 _aMathematics
942 _cBBD
999 _c27086
_d27086